Branching of the vortex nucleation period in superconductor Nb microtubes due to an inhomogeneous transport current; Superconductor Science and Technology; Vol. 29, iss. 4
| Parent link: | Superconductor Science and Technology Vol. 29, iss. 4.— 2016.— [045014, 7 p.] |
|---|---|
| Príomhchruthaitheoir: | |
| Údar corparáideach: | |
| Rannpháirtithe: | , |
| Achoimre: | Title screen An inhomogeneous transport current, which is introduced through multiple electrodes in an open Nb microtube, is shown to lead to a controllable branching of the vortex nucleation period. The detailed mechanism of this branching is analyzed using the time-dependent Ginzburg–Landau equation. The relative change of the vortex nucleation period strongly depends on the geometry of multiple electrodes. The average number of vortices occurring in the tube per nanosecond can be effectively reduced using the inhomogeneous transport current, which is important for noise and energy dissipation reduction in superconductor applications, e.g. for an extension of the operation regime of superconductor-based sensors to lower frequencies. Режим доступа: по договору с организацией-держателем ресурса |
| Teanga: | Béarla |
| Foilsithe / Cruthaithe: |
2016
|
| Ábhair: | |
| Rochtain ar líne: | http://dx.doi.org/10.1088/0953-2048/29/4/045014 |
| Formáid: | MixedMaterials Leictreonach Caibidil leabhair |
| KOHA link: | https://koha.lib.tpu.ru/cgi-bin/koha/opac-detail.pl?biblionumber=648794 |
MARC
| LEADER | 00000naa0a2200000 4500 | ||
|---|---|---|---|
| 001 | 648794 | ||
| 005 | 20250225141644.0 | ||
| 035 | |a (RuTPU)RU\TPU\network\13953 | ||
| 090 | |a 648794 | ||
| 100 | |a 20160606d2016 k||y0rusy50 ba | ||
| 101 | 1 | |a eng | |
| 102 | |a GB | ||
| 135 | |a arcn ---uucaa | ||
| 181 | 0 | |a i | |
| 182 | 0 | |a b | |
| 200 | 1 | |a Branching of the vortex nucleation period in superconductor Nb microtubes due to an inhomogeneous transport current |f R. O. Rezaev, E. A. Levchenko, V. M. Fomin | |
| 203 | |a Text |c electronic | ||
| 300 | |a Title screen | ||
| 320 | |a [References: 35 tit.] | ||
| 330 | |a An inhomogeneous transport current, which is introduced through multiple electrodes in an open Nb microtube, is shown to lead to a controllable branching of the vortex nucleation period. The detailed mechanism of this branching is analyzed using the time-dependent Ginzburg–Landau equation. The relative change of the vortex nucleation period strongly depends on the geometry of multiple electrodes. The average number of vortices occurring in the tube per nanosecond can be effectively reduced using the inhomogeneous transport current, which is important for noise and energy dissipation reduction in superconductor applications, e.g. for an extension of the operation regime of superconductor-based sensors to lower frequencies. | ||
| 333 | |a Режим доступа: по договору с организацией-держателем ресурса | ||
| 461 | |t Superconductor Science and Technology | ||
| 463 | |t Vol. 29, iss. 4 |v [045014, 7 p.] |d 2016 | ||
| 610 | 1 | |a труды учёных ТПУ | |
| 610 | 1 | |a электронный ресурс | |
| 610 | 1 | |a вихревая динамика | |
| 610 | 1 | |a ветвления | |
| 610 | 1 | |a уравнения | |
| 610 | 1 | |a нанотехнологии | |
| 700 | 1 | |a Rezaev |b R. O. |c physicist |c Associate Professor of Tomsk Polytechnic University, Candidate of physical and mathematical sciences |f 1982- |g Roman Olegovich |3 (RuTPU)RU\TPU\pers\31777 |9 15888 | |
| 701 | 1 | |a Levchenko |b E. A. |c mathematician |c technician, Senior Lecturer of Tomsk Polytechnic University, candidate of physico-mathematical Sciences |f 1988- |g Evgeny Anatolievich |3 (RuTPU)RU\TPU\pers\31735 |9 15848 | |
| 701 | 1 | |a Fomin |b V. M. |g Vladimir Mikhaylovich | |
| 712 | 0 | 2 | |a Национальный исследовательский Томский политехнический университет |b Физико-технический институт |b Кафедра высшей математики и математической физики |3 (RuTPU)RU\TPU\col\18727 |9 27176 |
| 801 | 1 | |a RU |b 63413507 |c 20100625 | |
| 801 | 2 | |a RU |b 63413507 |c 20160606 |g RCR | |
| 856 | 4 | |u http://dx.doi.org/10.1088/0953-2048/29/4/045014 | |
| 942 | |c CF | ||